|
|
|
|
| LEADER |
00000cam a2200000 a 4500 |
| 001 |
vtls001481216 |
| 003 |
SK-MaSNL |
| 005 |
20260302073634.0 |
| 008 |
250414s2002 xo da f b 10000 slo |
| 015 |
|
|
|a SNBA2005/01-00316
|
| 020 |
|
|
|a 8088868785
|q (brožované)
|
| 035 |
|
|
|a SNK000436514
|
| 035 |
|
|
|a urn:nbn:sk:snk-amjsz3
|
| 035 |
|
|
|a urn:nbn:sk:snk:ar-008r1q
|
| 035 |
|
|
|a 93a831b2-0bfb-4425-bfbe-f5eed312bb67
|
| 040 |
|
|
|a SNK
|b slo
|c SNK
|e AACR2
|
| 041 |
0 |
|
|a slo
|a cze
|
| 044 |
|
|
|a xo
|c SK
|
| 080 |
|
|
|a 37
|2 1997
|
| 111 |
2 |
|
|a Študentské fórum
|n (5. :
|d 2001 :
|c Bratislava, Slovensko)
|9 103834
|
| 245 |
0 |
0 |
|a Študentské fórum V.
|b (zborník príspevkov z konferencie konanej 13. decembra 2001)
|c [ed. Adriana Wiegerová]
|
| 250 |
|
|
|a [1. vyd.]
|
| 260 |
|
|
|a Bratislava
|b Univerzita Komenského
|c 2002
|
| 300 |
|
|
|a 82 strán
|b tab.
|c 21 cm
|
| 366 |
|
|
|e 200 kusov
|
| 500 |
|
|
|a Čiastočný text česky
|
| 504 |
|
|
|a Bibliografické odkazy
|
| 650 |
0 |
7 |
|a výchova a vzdelávanie
|2 SNKPH
|9 1684
|
| 655 |
|
7 |
|a zborníky konferencií
|2 SNKPH
|9 70153
|
| 655 |
|
7 |
|a issue_zb
|2 SNK
|9 276493
|
| 700 |
1 |
|
|a Wiegerová, Adriana,
|d 1969-
|4 edt
|9 11951
|
| 852 |
|
|
|a Slovenská národná knižnica
|
| 919 |
|
|
|a 80-88868-78-5
|
| 954 |
|
|
|a odborná, vedecká literatúra pôvodná (slovenská)
|2 lita
|
| 954 |
|
|
|a odborná, vedecká literatúra cudzojazyčná (svetová)
|2 lita
|
| 958 |
|
|
|a ART
|
| 958 |
|
|
|a OND
|
| 968 |
|
|
|d 37
|
| 999 |
|
|
|c 1161756
|d 1163686
|
| 952 |
|
|
|t P60, <03>, [BOOK], {603}, -K-
|a SNK
|b SNK
|y PREZ
|7 0
|p 17A0442488
|o snkSC 117220
|i snkKSP 11705/2004
|0 0
|1 0
|4 0
|d 2004-09-06
|l 0
|r 2025-10-16 00:00:00
|w 2026-02-24
|
| 952 |
|
|
|t P60, <04>, [BOOK], {604}
|a SNK
|b SNK
|y VYP
|7 0
|p 17A0442489
|o snkSC 117220 D1
|i snkKSP 11706/2004
|0 0
|1 0
|4 0
|d 2004-09-06
|l 0
|r 2005-01-02 00:00:00
|w 2026-02-24
|